| 000 | 01743cam a2200457 i 4500 | ||
|---|---|---|---|
| 001 | 13446147 | ||
| 003 | CO-MdFUSB | ||
| 005 | 20220903124655.0 | ||
| 008 | 031230t1959 uk i 000 0 eng | ||
| 010 | _a 2003067730 | ||
| 020 | _a97806749944669 | ||
| 040 |
_aDLC _cCO-MdFUSB _dDLC _bEspañol _erda |
||
| 041 | _aeng | ||
| 042 | _apcc | ||
| 082 | 0 | 0 |
_aR 888.01 _223 _bP737p |
| 100 | 0 |
_aPlutarch _eAutor |
|
| 245 | 1 | 0 |
_aPlutarch : _bMoralia _c/ Plutarch ; editado por Jefrey Henderson ; traducido por Paul A. Clement _nVIII |
| 264 | 1 |
_aCambridge, Mass. : _bHarvard University Press, _c[1969] |
|
| 264 | 4 | _c© 1969 | |
| 300 |
_aVolumen 8: xii, 528 páginas ; _c17 cm. |
||
| 336 |
_2rdacontent _atexto _btxt |
||
| 337 |
_2rdamedia _asin mediación _bn |
||
| 338 |
_2rdacarrier _avolumen _bnc |
||
| 440 | 4 | _vLoeb Classical Library | |
| 500 | _aÍndice: Páginas 517 - 527 | ||
| 505 | _aConversaciones sobre la mesa: Libro I-III -- Conversaciones sobre la mesa: Libro IV-VI | ||
| 506 | _aPréstamo en sala | ||
| 600 | 0 | 0 |
_aPlutarch _d45 dC - 120 dC |
| 650 | 7 |
_aLiteratura griega _9108 |
|
| 650 | 7 |
_aLiteratura clásica _9109 |
|
| 700 | 1 |
_aPlutarch. _tMoralia. |
|
| 700 |
_aHenderson, Jeffrey _9110 |
||
| 700 | 1 |
_aClement, Paul A. _9117 _eTraductor _d1906-1986 |
|
| 856 |
_aarchive.org _dhttps://archive.org/details/moraliainfifteen08plutuoft _zOtra versión |
||
| 906 |
_a7 _bcbc _corignew _d1 _eocip _f20 _gy-gencatlg |
||
| 942 | _cREF | ||
| 945 | _aEstudiante | ||
| 999 |
_c63730 _d63730 |
||